| 000 | 00549cam a22001457a 4500 | ||
|---|---|---|---|
| 008 | 180718b2001 xxu||||| |||| 00| 0 eng d | ||
| 082 | _aAPPPA 2000-01 AGA/1 | ||
| 100 | _aAgarwal, Ganga Ram | ||
| 245 |
_aAcquisition of technology for state of the art: 3 phase electric locomotives by Indian railways: a case study _cby Ganga Ram Agarwal |
||
| 260 |
_aNew Delhi _bIndian Institute of Public Administration _c2001 |
||
| 300 | _av.p. | ||
| 650 | _aAPPPA | ||
| 650 | _aRailways - Communication systems | ||
| 650 | _aRailways - Electric equipment - India | ||
| 999 |
_c490930 _d490930 |
||